- Ponti, Claude,
Entry Nombre Personal
001 - NUMERO DE CONTROL
- campo de control: 36461
003 - IDENTIFICADOR DE NUMERO DE CONTROL
- campo de control: DLC
005 - FECHA Y HORA DE LA ÜLTIMA TRANSACCIÓN
- campo de control: 20240227150837.0
008 - DATOS DE LONGITUD FIJA
- campo de control de longitud fija: 960314n| azannaabn |n aaa
010 ## - NÚMERO DE CONTROL DE LA BIBLIOTECA DEL CONGRESO
- Número de control LC: n 96025013
- Número de Control LC Cancelado/inválido: n 88117619
035 ## - NUMERO DE CONTROL
- Número de control: (OCoLC)oca04035180
040 ## - FUENTE DE CATALOGACIÓN
- Agencia original de catalogación: DLC
- Lenguaje de catalogación: spa
- Description conventions: rda
- Agencia de transcripción: DLC
- Agencia que lo modifica: DLC
- Agencia que lo modifica: OCoLC
- Agencia que lo modifica: DLC
- Agencia que lo modifica: ICrlF
- Agencia que lo modifica: MX-MxUPN
046 ## - FECHAS CON CODIFICACIÓN ESPECIAL
- Fecha de nacimiento: 19481122
053 #0 - NÚMERO DE CLASIFICACIÓN LC
- Número de clasificación elemento-número único o número inicial de tramo: PQ2676.O565
100 1# - ENCABEZAMIENTO - NOMBRE PERSONAL
- Nombre personal: Ponti, Claude,
- Fechas asociadas con el nombre: 1948-
370 ## - LUGAR ASOCIADO
- Place of birth: Lunéville (Francia)
372 ## - CAMPO DE ACTIVIDAD
- Field of activity: Literatura infantil
374 ## - OCUPACIÓN
- Occupation: Escritor
- Occupation: Ilustrador
377 ## - LENGUA ASOCIADA
- Language code: fre
670 ## - FUENTE EN LA QUE SE LOCALIZARON DATOS
- Cita de la fuente: Les pieds-bleus, c1995:
- Información localizada: portada (Claude Ponti) solapa (b. 1948, Lunéville)
670 ## - FUENTE EN LA QUE SE LOCALIZARON DATOS
- Cita de la fuente: French Wikipedia, July 15, 2015
- Información localizada: (Claude Ponti ; born Nov. 22, 1948 in Luneville ; author of youth literature and French illustrator)
670 ## - FUENTE EN LA QUE SE LOCALIZARON DATOS
- Cita de la fuente: En la rama, 2008:
- Información localizada: portada (Claude Ponti)
